Statistiques concernant Êtes-vous rapide ? Test de rapidité oui/non

Cliquez ici pour prendre le quiz!

Statistiques générales

  • Ce quiz a été pris 326 fois
  • Le résultat moyen est 19 sur 32

Statistiques - réponses

HintRéponse% Correct
NonNon
65%
OuiOui
65%
NonNon
64%
NonNon
63%
NonNon
63%
NonNon
62%
OuiOui
62%
NonNon
61%
OuiOui
61%
OuiOui
61%
OuiOui
61%
NonNon
60%
OuiOui
60%
NonNon
59%
NonNon
59%
OuiOui
59%
OuiOui
59%
NonNon
58%
NonNon
58%
OuiOui
58%
NonNon
57%
OuiOui
57%
NonNon
56%
NonNon
55%
OuiOui
55%
OuiOui
55%
OuiOui
55%
NonNon
54%
NonNon
54%
OuiOui
54%
OuiOui
51%
OuiOui
50%

Distribution des résultats

Percentile par nombre de réponses

% des personnes avec chaque résultat

Votre développement - résultats

Vous n’avez pas pris ce quiz